| 000 -LEADER |
| fixed length control field |
00954nam a2200241Ia 4500 |
| 001 - CONTROL NUMBER |
| control field |
17838 |
| 003 - CONTROL NUMBER IDENTIFIER |
| control field |
GE_BSU |
| 005 - DATE AND TIME OF LATEST TRANSACTION |
| control field |
20200226121634.0 |
| 008 - FIXED-LENGTH DATA ELEMENTS--GENERAL INFORMATION |
| fixed length control field |
181216s2002ru xx |||||||||||||| ||rus|| |
| 020 ## - INTERNATIONAL STANDARD BOOK NUMBER |
| International Standard Book Number |
9785846500198 |
| 040 ## - CATALOGING SOURCE |
| Transcribing agency |
GE_BSU |
| 080 ## - UNIVERSAL DECIMAL CLASSIFICATION NUMBER |
| Universal Decimal Classification number |
81(075.8) Ф-33 |
| 100 ## - MAIN ENTRY--PERSONAL NAME |
| Personal name |
Федоров, А. В. |
| 9 (RLIN) |
7486 |
| 245 ## - TITLE STATEMENT |
| Title |
Основы общей теории перевода : |
| Remainder of title |
(Лингвистические проблемы) / |
| Statement of responsibility, etc. |
А.В. Федоров ; Ред. Б.А. Никонов ; О.С. Капполь. |
| 250 ## - EDITION STATEMENT |
| Edition statement |
5-е изд. |
| 264 ## - PRODUCTION, PUBLICATION, DISTRIBUTION, MANUFACTURE, AND COPYRIGHT NOTICE |
| Place of production, publication, distribution, manufacture |
Москва : |
| Name of producer, publisher, distributor, manufacturer |
Филология три, |
| Date of production, publication, distribution, manufacture, or copyright notice |
2002. |
| 300 ## - PHYSICAL DESCRIPTION |
| Extent |
415 стр. : |
| Dimensions |
21 см. |
| 653 ## - INDEX TERM--UNCONTROLLED |
| keyword |
Основы общей теории перевода |
| 653 ## - INDEX TERM--UNCONTROLLED |
| keyword |
თარგმნის თეორია |
| 700 ## - ADDED ENTRY--PERSONAL NAME |
| Personal name |
Никонов, Б.А. |
| Relator term |
რედაქტორი |
| 9 (RLIN) |
7487 |
| 700 ## - ADDED ENTRY--PERSONAL NAME |
| Personal name |
Капполь, О.С |
| Relator term |
რედაქტორი |
| 9 (RLIN) |
7034 |
| 942 ## - ADDED ENTRY ELEMENTS (KOHA) |
| Koha item type |
წიგნი |
| Source of classification or shelving scheme |
|